<?xml version="1.0" encoding="UTF-8"?>
<marc:record xmlns:marc="http://www.loc.gov/MARC21/slim">
   <marc:leader>00000nam a2200000 a 4500</marc:leader>
   <marc:datafield ind1="1" ind2=" " tag="100">
      <marc:subfield code="a">Joost, Dörte</marc:subfield>
      <marc:subfield code="4">aut</marc:subfield>
      <marc:subfield code="e">Verfasser/-in</marc:subfield>
   </marc:datafield>
   <marc:datafield ind1=" " ind2=" " tag="653">
      <marc:subfield code="a">Kleinkindpädagogik</marc:subfield>
   </marc:datafield>
   <marc:datafield ind1=" " ind2=" " tag="653">
      <marc:subfield code="a">Trauer</marc:subfield>
   </marc:datafield>
   <marc:datafield ind1=" " ind2=" " tag="653">
      <marc:subfield code="a">Kinder</marc:subfield>
   </marc:datafield>
   <marc:datafield ind1=" " ind2=" " tag="653">
      <marc:subfield code="a">Tod</marc:subfield>
   </marc:datafield>
   <marc:datafield ind1=" " ind2=" " tag="653">
      <marc:subfield code="a">Erzieher</marc:subfield>
   </marc:datafield>
   <marc:datafield ind1=" " ind2=" " tag="653">
      <marc:subfield code="a">Kita</marc:subfield>
   </marc:datafield>
   <marc:datafield ind1=" " ind2=" " tag="653">
      <marc:subfield code="a">Hilfe</marc:subfield>
   </marc:datafield>
   <marc:datafield ind1=" " ind2=" " tag="653">
      <marc:subfield code="a">Ratgeber</marc:subfield>
   </marc:datafield>
   <marc:datafield ind1=" " ind2=" " tag="653">
      <marc:subfield code="a">Softcover / Pädagogik/Kindergarten- und Vorschulpädagogik</marc:subfield>
   </marc:datafield>
   <marc:datafield ind1=" " ind2=" " tag="653">
      <marc:subfield code="a">Kinder;Trauer;Tod;Erzieher;Kita;Hilfe;Ratgeber;Kindergarten</marc:subfield>
   </marc:datafield>
   <marc:datafield ind1=" " ind2=" " tag="653">
      <marc:subfield code="a">Lehrmittel</marc:subfield>
   </marc:datafield>
   <marc:datafield ind1="0" ind2="0" tag="245">
      <marc:subfield code="a">Das trauernde Kind</marc:subfield>
   </marc:datafield>
   <marc:datafield ind1="0" ind2="0" tag="245">
      <marc:subfield code="b">aktuelles Basiswissen und konkrete Hilfestellung im Rahmen der Kinderbetreuung</marc:subfield>
   </marc:datafield>
   <marc:datafield ind1="0" ind2="0" tag="245">
      <marc:subfield code="c">Dörte Joost</marc:subfield>
   </marc:datafield>
   <marc:datafield ind1=" " ind2="1" tag="264">
      <marc:subfield code="a">Pinnow</marc:subfield>
      <marc:subfield code="b">Ed. digital Pekrul</marc:subfield>
      <marc:subfield code="c">2014</marc:subfield>
   </marc:datafield>
   <marc:datafield ind1=" " ind2=" " tag="250">
      <marc:subfield code="a">1. Aufl.</marc:subfield>
   </marc:datafield>
   <marc:datafield ind1="1" ind2=" " tag="520">
      <marc:subfield code="a">Angaben aus der Verlagsmeldung

Das trauernde Kind : Aktuelles Basiswissen und konkrete Hilfestellung im Rahmen der Kinderbetreuung / von Dörte Joost

Kindliche Trauer hat viele Gesichter. Damit sich die Trauer entfalten und letzten Endes selbst überwinden kann, braucht sie in starkem Maße begleitende Erwachsene und deren Verständnis und Toleranz. Da es häufig der Fall ist, dass gerade Eltern in Trauerzeiten durch die eigene Betroffenheit wenig Stütze für ihre Kinder sein können, stellen Erzieher/innen bzw. Tagesväter/mütter im Rahmen der Kinderbetreuung eine Chance für eine weitere Hilfestellung dar. Sie können verbunden mit Fachwissen um mögliche Trauerreaktionen, zu durchlaufende Traueraufgaben und Erkenntnissen der Hirnforschung zu Trauerprozessen, das den ersten Abschnitt des Buches bildet, ins tiefere Verstehen gelangen und in ihre Rolle als wichtige Begleitperson für Kinder hineinwachsen. Der zweite Teil des Buches widmet sich den begleitenden Hilfsangeboten durch pädagogische Fachkräfte, die zur Trauerbewältigung bei Kindern beitragen können. Abgerundet durch beispielhafte oder eröffnende Antworten auf Kinderfragen und eigenen Empfehlungen zu Kinderbüchern schließt das Buch mit einem motivierenden Plädoyer.
</marc:subfield>
   </marc:datafield>
   <marc:datafield ind1=" " ind2=" " tag="020">
      <marc:subfield code="a">9783863943455</marc:subfield>
      <marc:subfield code="9">9783863943455</marc:subfield>
   </marc:datafield>
   <marc:datafield ind1=" " ind2=" " tag="041">
      <marc:subfield code="a">ger</marc:subfield>
   </marc:datafield>
   <marc:datafield ind1=" " ind2=" " tag="300">
      <marc:subfield code="a">106 S.</marc:subfield>
   </marc:datafield>
</marc:record>
